Monument : Le Taj Mahal - Statistiques

Statistiques générales
  • Ce quiz a été pris 23 fois
  • Le résultat moyen est 6 sur 20
Statistiques - réponses
Question Réponse % Correct
Le Taj Mahal se trouve... en Inde
91%
Le Taj Mahal se trouve précisément à Agra
55%
Quand on visite le Taj Mahal on passe successivement par différents espaces, le Chameli Farsh est la terrasse qui entoure le Taj Mahal
45%
Le Taj Mahal est un mausolée
45%
On estime que ... éléphants ont été employés sur le chantier du Taj Mahal 1000
36%
Le Taj Mahal a été construit en mémoire de l'épouse de Shah Jaran morte lors de la naissance de son... 14e enfant
36%
Le Taj Mahal a été construit en... ans 17
36%
Le Taj Mahal est situé... le long d'une rivière
36%
Combien de sortes de pierres rares, précieuses ou semi-précieuses ont servi à décorer le Taj Mahal 28
27%
La création des jardins qui entoure le Taj Mahal a pris à elle seule ... ans après l'achèvement des constructions 5
27%
L'architecture moghole du Taj Mahal a subi des influences nombreuses mais pas celles de l'architecture chinoise
27%
Quand on visite le Taj Mahal on passe successivement par différents espaces, le Jilaukhana est une cour intérieure
27%
Le Taj Mahal est situé à ... km de la capitale de son pays 175
18%
Le Taj Mahal est visité chaque année par ... millions de visiteurs 4
18%
L'essentiel des décors représentent des végétaux
18%
Par souci de symétrie on a construit une fausse mosquée qu'on appelle... le pavillon des invités
18%
Le Taj Mahal a été construit au XVIIe siècle
18%
Les inscriptions sur le Taj Mahal sont le plus souvent en marbre noir
9%
Quand on visite le Taj Mahal on passe successivement par différents espaces, le Chahar bagh est le jardin
9%
Le terrain sur lequel est implanté le Taj Mahal mesure 305 x 508 m
0%
Aucun quiz correspondant
Distribution des résultats
% des personnes avec chaque résultat
Percentile par nombre de réponses
Votre historique - résultats
Vous n’avez pas pris ce quiz